[Event "XII Figueira da Foz Open 2018"]
[Site "Figueira da Foz"]
[Date "2018.10.30"]
[Round "2"]
[White "Perez Garcia, Rodney Oscar"]
[Black "Santos, Antonio P"]
[Result "1-0"]
[WhiteElo "2362"]
[BlackElo "2155"]
[Annotator "TA"]
[PlyCount "75"]
[EventDate "2018.10.30"]
[EventType "swiss"]
[EventCountry "POR"]
[SourceTitle "playchess.com"]
[Source "ChessBase"]
[SourceQuality "1"]

{[%evp 24,75,60,50,50,50,58,57,61,31,34,25,33,-27,66,44,67,57,122,111,182,176,172,147,160,154,156,116,147,134,326,305,333,304,385,365,362,371,402,403,406,384,497,485,583,582,582,576,575,571,655,622,963,957]} 1. e4 c5 2. Nf3 d6 3. d4 cxd4 4. Nxd4 Nf6 5. Nc3 a6 6. Be2 e5 7. Nb3 Be7 8. Bg5 Nbd7 9. a4 O-O 10. O-O h6 {B92: Sizilianisch (Najdorf-Variante mit 6.Le2)} 11. Bh4 b6 12. Bc4 Bb7 13. Nd2 {LiveBook: 3 Partien} g5 $146 ({Vorgänger:} 13... Qc7 14. Qe2 Rfc8 15. Rfd1 Nf8 16. Bxf6 Bxf6 17. Nd5 Qd8 18. Nf1 Ng6 {1-0 (50) Yu,Y (2750)-Atabayev,S (2437) Ashkhabad 2017}) 14. Bg3 Nc5 15. Re1 Bc6 16. h4 Qd7 17. hxg5 hxg5 18. Bf1 (18. Bd5 $14) 18... Rfc8 (18... b5 $11) 19. Nc4 $14 Rab8 {[%cal Rc5e4]} 20. f3 Nh5 (20... b5 $14 21. axb5 axb5) 21. Bf2 $16 Ng7 (21... b5 $16 {war angesagt.}) 22. a5 bxa5 23. Bxc5 dxc5 24. Qxd7 (24. Nxa5 $6 Qd4+ 25. Qxd4 cxd4 $14) 24... Bxd7 25. Nxe5 Be6 26. Bxa6 Bf6 $2 {[#]} (26... Re8 $16) 27. Bxc8 $18 ({Schwächer ist} 27. Rxa5 Bxe5 28. Bxc8 Rxc8 $11) 27... Rxc8 28. Nd3 ({Lieber nicht} 28. Rxa5 Bxe5 29. Rea1 Nh5 $11) 28... Bd4+ 29. Kf1 c4 30. Nc1 ({Nicht} 30. Rxa5 cxd3 31. cxd3 g4 $16) 30... Rb8 31. N1e2 Bf6 32. Reb1 Nh5 33. Rxa5 {Weiß steht klar auf Gewinn.} Ng3+ 34. Nxg3 Bxc3 35. Rxg5+ Kf8 36. Ne2 Bxb2 37. c3 Bd7 38. Rd5 {Precision: Weiß = 64%, Schwarz = 27%.} 1-0

[Event "XII Figueira da Foz Open 2018"]
[Site "Figueira da Foz"]
[Date "2018.10.30"]
[Round "2"]
[White "Elissalt Cardenas, Hector"]
[Black "Del Rio De Angelis, Salvador G."]
[Result "0-1"]
[WhiteElo "2316"]
[BlackElo "2547"]
[Annotator "TA"]
[PlyCount "64"]
[EventDate "2018.10.30"]
[EventType "swiss"]
[EventCountry "POR"]
[SourceTitle "playchess.com"]
[Source "ChessBase"]
[SourceQuality "1"]

{[%evp 13,64,54,44,49,47,49,50,47,35,29,71,50,54,48,90,61,59,10,11,-11,3,0,0,-8,-4,-6,11,18,11,-17,-11,-25,-21,-33,-35,-34,-39,-37,0,-54,-55,-55,0,-23,0,-53,41,-299,-291,-474,-475,-466,-466]} 1. Nf3 b6 2. e4 Bb7 3. Nc3 e6 4. d4 Bb4 5. Bd3 Bxc3+ (5... Nf6 6. Qe2 d5 7. exd5 Qxd5 8. O-O Bxc3 9. bxc3 Nbd7 10. c4 Qh5 11. Bf4 Rc8 12. a4 a5 13. Rab1 O-O 14. Rb5 c5 15. dxc5 Rxc5 {0-1 (29) Eljanov,P (2734)-Carlsen,M (2827) Douglas 2017}) 6. bxc3 {B00: Queen's Fianchetto Defence, Nimzowitsch Defence} d6 7. O-O Nd7 {LiveBook: 3 Games} 8. Nd2 $146 {White is slightly better.} ({Predecessor:} 8. Bg5 f6 9. Be3 Qe7 10. Nd2 Qf7 11. c4 Ne7 12. Nb3 O-O 13. f3 {1-0 (71) Alekseev,E (2636)-Rozum,I (2590) Sochi 2016}) 8... Ne7 9. f4 O-O 10. Qe1 c5 11. Nc4 Nf6 {[%cal Bd7f6,Bf6e8,Be8c7,Bc7a6,Ba6c5,Bc5e4][%mdl 32]} 12. e5 Ne8 $1 ({Much worse is} 12... dxe5 $6 13. fxe5 Nfd5 14. Nd6 $16) 13. dxc5 bxc5 14. Rb1 Ba6 15. Bd2 {next Nxd6 is good for White.} (15. a4 {seems wilder.} d5 16. Qh4 h6 17. Nd2 c4 18. Be2) 15... d5 16. Ne3 Bxd3 17. cxd3 {[%cal Bc2d3,Bd3d4][%mdl 32]} Nc7 18. d4 Qd7 19. g4 f5 20. exf6 Rxf6 21. dxc5 Na6 22. Ng2 Nxc5 23. Be3 {[%cal Bd2e3,Be3d4,Bd4a1][%mdl 32]} Ne4 24. Bd4 Rf7 25. c4 h5 26. h3 ({White should try} 26. gxh5 $11 Raf8 27. Be5) 26... hxg4 27. hxg4 Nc6 28. Ba1 Raf8 $36 {[%mdl 2048] Black is more active.} 29. cxd5 (29. Rb3 $11) 29... Qxd5 ({Better is} 29... exd5 $15 30. f5 g5) 30. Qh4 $2 {[%mdl 8192] [#]} (30. Rd1 $1 $14 {keeps the upper hand.} Qc4 31. Rc1) 30... Nd2 $19 ({Not} 30... Qxa2 31. Rbe1 $15) 31. g5 $2 (31. Qh5) 31... Nd4 32. Bxd4 Qxd4+ {Precision: White = 41%, Black = 55%.} 0-1

[Event "XII Figueira da Foz Open 2018"]
[Site "Figueira da Foz"]
[Date "2018.10.30"]
[Round "2"]
[White "Roettgen, Juergen"]
[Black "Stella, Andrea"]
[Result "0-1"]
[WhiteElo "2169"]
[BlackElo "2500"]
[Annotator "TA"]
[PlyCount "40"]
[EventDate "2018.10.30"]
[EventType "swiss"]
[EventCountry "POR"]
[SourceTitle "playchess.com"]
[Source "ChessBase"]
[SourceQuality "1"]

{[%evp 14,40,0,-17,-10,-14,-13,-42,-37,-100,-95,-108,-108,-151,-159,-243,-210,-211,-179,-250,-265,-351,-350,-652,-648,-706,-758,-1103,-1085]} 1. c4 g6 2. Nc3 c5 3. g3 Bg7 4. Bg2 Nc6 5. e3 d6 6. Nge2 h5 7. d4 {A36: Symmetrical English vs ...g6: 4 Bg2 Bg7} cxd4 8. exd4 {LiveBook: 3 Games} Nh6 9. Bg5 $146 {The position is equal.} ({Predecessor:} 9. Bxh6 Bxh6 10. d5 Ne5 11. f4 Ng4 12. Qd4 O-O 13. h3 Bg7 14. Qd2 Nh6 {0-1 (40) Granda Zuniga,J (2653)-Wagner,D (2564) Douglas 2017}) 9... Nf5 10. Be3 e5 {[%cal Re5d4]} 11. Bxc6+ ({White should play} 11. Qd2 $15) 11... bxc6 $17 12. Qd2 O-O 13. O-O-O Qa5 14. d5 (14. dxe5 $17 Nxe3 15. Qxe3) 14... Rb8 15. b3 Bd7 16. Ne4 (16. g4 $142 hxg4 17. dxc6 Bxc6 18. Nd5 Qa3+ 19. Qb2) 16... Qa6 $19 {Threatens to win with ...cxd5.} 17. N2c3 Rfc8 {[%cal Bf8c8,Bc8c4,Bc4e4][%mdl 32]} 18. Rhe1 $2 (18. Kb2 Qxc4 19. Bxa7) 18... cxd5 {Black is clearly winning.} 19. Nxd5 {[#]} Rxc4+ $1 {[%mdl 512]} 20. Kb2 (20. bxc4 Qa3+) 20... Rxe4 {Precision: White = 23%, Black = 100%.} 0-1

[Event "XII Figueira da Foz Open 2018"]
[Site "Figueira da Foz"]
[Date "2018.10.30"]
[Round "2"]
[White "Margarido, Jose Miguel Teixeir"]
[Black "Galego, Luis"]
[Result "0-1"]
[WhiteElo "2121"]
[BlackElo "2473"]
[Annotator "TA"]
[PlyCount "96"]
[EventDate "2018.10.30"]
[EventType "swiss"]
[EventCountry "POR"]
[SourceTitle "playchess.com"]
[Source "ChessBase"]
[SourceQuality "1"]

{[%evp 23,96,20,41,38,68,33,36,16,19,27,20,4,13,13,2,-13,-8,-25,-22,-67,-72,-46,-14,-38,-36,-89,-106,-74,-31,-31,-25,-34,-24,-39,-33,-26,-19,-56,-58,-537,-154,-279,-297,-354,-346,-331,-322,-365,-366,-373,-368,-522,-512,-541,-539,-539,-534,-514,-511,-577,-532,-733,-665,-821,-778,-804,-750,-654,-450,-1351,-1041,-29950,-29954,-29958,-9588]} 1. e4 c5 2. Nf3 e6 3. c3 d5 4. exd5 Qxd5 5. d4 Nf6 6. Na3 Qd8 7. Nc2 Nc6 8. Bd3 Be7 9. O-O O-O 10. Qe2 cxd4 11. Ncxd4 Nxd4 12. Nxd4 Bd7 {LiveBook: 4 Games. C10: French with 3 Nc3: Unusual Black 3rd moves and 3...dxe4} 13. Bf4 Nd5 (13... Qb6 14. Rad1 Rfd8 15. Bb1 Nd5 16. Bg3 Rac8 17. Rfe1 Bf6 18. h4 Ne7 19. h5 Ba4 20. b3 {1-0 (34) Tiviakov,S (2697)-Yemelin,V (2582) Wroclaw 2009}) 14. Be5 $146 ({Predecessor:} 14. Bg3 Bf6 15. Qe4 g6 16. Bc4 Nb6 17. Bb3 Qc8 18. Rfe1 Rd8 19. h4 Bc6 20. Qf4 Bxd4 21. cxd4 {1-0 (47) Gaponenko,I (2472)-Doluhanova,E (2297) Kharkov 2010}) 14... Bf6 {White is slightly better.} 15. Qe4 {[%csl Gd3][%cal Re4h7] [#]} g6 16. Bxf6 Qxf6 17. Rfe1 Rad8 18. Bf1 Rfe8 19. Rad1 e5 20. Nb3 Bc6 {Hoping for ...Nxc3!} 21. Qg4 h5 22. Qg3 b6 23. Nd2 Nf4 24. Nf3 ({White should try} 24. h4 $15) 24... Rxd1 $17 25. Rxd1 Kg7 26. Ne1 h4 27. Qe3 $1 Qe6 28. b3 Qf6 29. c4 Re6 30. Nd3 Rd6 $36 {[%mdl 2048] Black is pushing.} 31. Re1 $2 {[%mdl 8192] [#]} ({White should play} 31. Rd2 $15) 31... Bxg2 $2 (31... Rxd3 $1 $19 {[%mdl 512] has better winning chances.} 32. Qxe5 (32. Bxd3 Nxg2) 32... Qxe5 33. Rxe5 Rd2) 32. Nxf4 (32. Qxe5 $17 Rxd3 33. Qxf6+ Kxf6 34. Bxd3 Nxd3 35. Re3) 32... exf4 $19 33. Qe7 Bf3 34. Qxf6+ Kxf6 {[%mdl 4096] Endgame KRB-KRB} 35. Bg2 Rd1 36. Rxd1 Bxd1 {KB-KB} 37. Bd5 (37. Kf1 $142 Bg4 38. Bd5) 37... Bg4 38. Kf1 Be6 39. Bc6 Ke5 40. Ke2 Kd4 41. Kd2 g5 {[%cal Bg6g5,Bg5g4][%mdl 32]} 42. Ke2 g4 43. Kd2 f5 44. Bb7 a5 45. Bc6 Bf7 46. Bd7 (46. Ke1 $142 Be6 47. Bb7) 46... g3 {( -> ...g2)} 47. fxg3 fxg3 48. Bc6 Bh5 {Precision: White = 20%, Black = 71%.} 0-1

[Event "XII Figueira da Foz Open 2018"]
[Site "Figueira da Foz"]
[Date "2018.10.30"]
[Round "2"]
[White "Fernandes, Ricardo Paulos"]
[Black "Romanishin, Oleg M"]
[Result "0-1"]
[WhiteElo "2098"]
[BlackElo "2443"]
[Annotator "TA"]
[PlyCount "74"]
[EventDate "2018.10.30"]
[EventType "swiss"]
[EventCountry "POR"]
[SourceTitle "playchess.com"]
[Source "ChessBase"]
[SourceQuality "1"]

{[%evp 9,74,-16,0,-26,-22,-27,-13,-21,-30,-25,-20,-32,-24,-25,-20,-25,-25,-38,-27,-34,-31,-38,-32,-52,-48,-59,-41,-103,-95,-99,-97,-86,-97,-80,-91,-103,-100,-153,-151,-176,-176,-170,-189,-182,-182,-235,-240,-229,-243,-246,-237,-239,-250,-241,-245,-306,-300,-294,-287,-426,-416,-538,-536,-535,-527,-512,-489]} 1. b3 e5 2. Bb2 d6 3. e3 Nf6 4. c4 g6 5. d3 (5. d4 exd4 6. Qxd4 Bg7 7. Nc3 O-O 8. Nf3 Nbd7 9. Be2 Nc5 10. Rd1 Ng4 11. Qf4 f5 12. Nd4 g5 {0-1 (30) Lagarde,M (2609)-Krasenkow,M (2631) Porticcio 2018}) 5... Bg7 {LiveBook: 5 Games} 6. Nd2 {A01: Nimzowitsch-Larsen Opening} O-O 7. Qc2 c5 8. Ngf3 {The position is equal.} Nc6 9. a3 b6 $146 ({Predecessor:} 9... Re8 10. Be2 h6 11. O-O Be6 12. Rfd1 Rc8 13. Rac1 Nh7 14. Qb1 b6 15. Qa1 Qe7 16. Bf1 f5 17. Ne1 Nf6 18. Nc2 Bf7 19. b4 g5 20. d4 {½-½ (20) Gamback,B (2193)-Ristoja,T (2230) Finland 2004}) 10. Be2 Bb7 11. O-O Rc8 12. Rad1 Re8 13. Rfe1 d5 14. cxd5 Nxd5 15. Qb1 Qe7 16. Bf1 Rcd8 17. Qa1 h6 18. d4 (18. Nc4 $15) 18... e4 $17 19. Ne5 Nxe5 20. dxe5 Bxe5 21. Bxe5 Qxe5 22. Qxe5 Rxe5 23. f4 (23. Nc4 $142 Re7 24. f4) 23... exf3 24. Nxf3 Ree8 25. Bc4 Kg7 26. Rd3 Nf6 27. Red1 (27. h3 {was called for.}) 27... Rxd3 $19 28. Rxd3 Be4 29. Rd6 Bxf3 30. gxf3 Rxe3 {[%mdl 4096] Endgame KRB-KRN} 31. Kf2 Re7 32. a4 Rd7 33. Rc6 Ne8 34. Rc8 (34. Ke3 $142) 34... Nd6 35. Rc6 Nxc4 {Black is clearly winning.} 36. bxc4 Rd2+ 37. Ke3 Ra2 {Precision: White = 37%, Black = 78%.} 0-1

[Event "XII Figueira da Foz Open 2018"]
[Site "Figueira da Foz"]
[Date "2018.10.30"]
[Round "2"]
[White "Guerreiro, Nuno"]
[Black "Alshameary Puente, Ismael"]
[Result "0-1"]
[WhiteElo "2069"]
[BlackElo "2369"]
[Annotator "TA"]
[PlyCount "68"]
[EventDate "2018.10.30"]
[EventType "swiss"]
[EventCountry "POR"]
[SourceTitle "playchess.com"]
[Source "ChessBase"]
[SourceQuality "1"]

{[%evp 21,68,-39,-39,-57,-50,-34,-25,-53,-41,-78,-66,-95,-92,-107,-116,-283,-245,-269,-275,-276,-266,-249,-245,-228,-210,-210,-191,-363,-355,-328,-306,-459,-457,-532,-502,-823,-823,-825,-806,-772,-681,-752,-736,-784,-786,-752,-716,-696,-456]} 1. Nf3 c5 2. g3 d5 {[%cal Bd7d5,Bd5d4][%mdl 32]} 3. c4 d4 4. b4 cxb4 5. a3 bxa3 6. Bxa3 Nc6 7. Bg2 e5 {A09: Réti Opening: 1 Nf3 d5 2 c4} 8. Bxf8 Kxf8 9. d3 g6 10. O-O Kg7 11. Nbd2 Nf6 {LiveBook: 11 Games} 12. Qa4 (12. Qb3 h6 13. Qb2 Re8 14. Ra3 Re7 15. e3 dxe3 16. fxe3 {½-½ (31) So,W (2788)-Adams,M (2715) London 2017}) 12... Bd7 13. Rfb1 $146 ({Predecessor:} 13. Qa3) 13... Qc7 14. Qa3 h6 15. Rb5 Rhe8 16. Qb2 Rab8 17. c5 Be6 {Hoping for ...a6.} 18. Nc4 $2 {[#]} (18. Rb1 $17) 18... Bxc4 19. dxc4 a6 20. Rb3 Na5 21. Rb4 Qxc5 22. Nd2 b6 23. Rb1 Re6 24. Ne4 $2 {[#]} (24. Ra4) 24... Nxe4 $19 25. Bxe4 Nxc4 26. Qc2 (26. Qc1 $142 Rc8 27. Bb7) 26... Rc8 {Black is clearly winning.} 27. Bb7 Rc7 28. Qa2 (28. Be4 $142) 28... a5 29. Rb5 Qa3 30. Qc2 Qe7 31. Bd5 Na3 32. Qa2 Nxb5 33. Rxb5 Rd6 34. Be4 Rc1+ {Precision: White = 14%, Black = 89%.} 0-1

[Event "XII Figueira da Foz Open 2018"]
[Site "Figueira da Foz"]
[Date "2018.10.30"]
[Round "2"]
[White "Fernandes, Joao Pedro Murtinho"]
[Black "Pipiras, Filipa Fortuna"]
[Result "1/2-1/2"]
[WhiteElo "2067"]
[BlackElo "1853"]
[Annotator "NA"]
[PlyCount "53"]
[EventDate "2018.10.30"]
[EventType "swiss"]
[EventCountry "POR"]
[SourceTitle "playchess.com"]
[Source "ChessBase"]
[SourceQuality "1"]
[TimeControl "40/5400+30:1800+30"]

1. e4 {[%emt 0:00:00]} e5 {[%emt 0:08:52]} 2. Nf3 {[%emt 0:00:00]} Nc6 {[%emt 0:00:11]} 3. Bb5 {[%emt 0:00:00]} a6 {[%emt 0:00:40]} 4. Ba4 {[%emt 0:00:00]} Nf6 {[%emt 0:01:09]} 5. O-O {[%emt 0:00:03]} Be7 {[%emt 0:00:15]} 6. Re1 {[%emt 0:00:41]} b5 {[%emt 0:01:34]} 7. Bb3 {[%emt 0:00:04]} O-O {[%emt 0:00:35]} 8. d3 {[%emt 0:00:06]} d6 {[%emt 0:00:41]} 9. c3 {[%emt 0:00:20]} Na5 {[%emt 0:00:52]} 10. Bc2 {[%emt 0:00:10]} c5 {[%emt 0:00:36]} 11. Nbd2 {[%emt 0:00:59]} Nd7 {[%emt 0:02:29]} 12. Nf1 {[%emt 0:05:39]} Nb6 {[%emt 0:01:34]} 13. Ne3 {[%emt 0:04:12]} Re8 {[%emt 0:03:19]} 14. d4 {[%emt 0:04:32]} exd4 {[%emt 0:08:07]} 15. cxd4 {[%emt 0:00:23]} Nc6 {[%emt 0:00:49]} 16. d5 {[%emt 0:13:34]} Nb4 {[%emt 0:03:04]} 17. Bb1 {[%emt 0:00:12]} a5 {[%emt 0:00:48]} 18. a3 {[%emt 0:07:56]} Na6 {[%emt 0:00:37]} 19. e5 {[%emt 0:00:56]} dxe5 {[%emt 0:08:46]} 20. Nxe5 {[%emt 0:00:45]} Bf6 {[%emt 0:03:16]} 21. Bxh7+ {[%emt 0:43:29]} Kxh7 {[%emt 0:07:01]} 22. Qh5+ {[%emt 0:00:15]} Kg8 {[%emt 0:00:31]} 23. Qxf7+ {[%emt 0:00:37]} Kh7 {[%emt 0:01:37]} 24. Qg6+ {[%emt 0:01:30]} Kg8 {[%emt 0:00:55]} 25. Qf7+ {[%emt 0:03:34]} Kh7 {[%emt 0:00:12]} 26. Qh5+ {[%emt 0:00:20]} Kg8 {[%emt 0:00:15]} 27. Qf7+ 1/2-1/2

[Event "XII Figueira da Foz Open 2018"]
[Site "Figueira da Foz"]
[Date "2018.10.30"]
[Round "2"]
[White "Sismeiro, Miguel"]
[Black "Morais, Mario Martins Freit"]
[Result "1/2-1/2"]
[WhiteElo "2008"]
[BlackElo "1766"]
[Annotator "NA"]
[PlyCount "50"]
[EventDate "2018.10.30"]
[EventType "swiss"]
[EventCountry "POR"]
[SourceTitle "playchess.com"]
[Source "ChessBase"]
[SourceQuality "1"]
[TimeControl "40/5400+30:1800+30"]

1. e4 {[%emt 0:00:00]} c5 {[%emt 0:00:00]} 2. Nf3 {[%emt 0:00:00]} g6 {[%emt 0:01:09]} 3. d4 {[%emt 0:01:20]} cxd4 {[%emt 0:01:17]} 4. Nxd4 {[%emt 0:00:06]} Bg7 {[%emt 0:00:48]} 5. c4 {[%emt 0:00:32]} Nf6 {[%emt 0:00:42]} 6. Nc3 {[%emt 0:01:42]} Nc6 {[%emt 0:02:52]} 7. Be3 {[%emt 0:00:57]} Ng4 {[%emt 0:03:05]} 8. Qxg4 {[%emt 0:00:26]} Nxd4 {[%emt 0:00:19]} 9. Qd1 {[%emt 0:00:06]} e5 {[%emt 0:00:10]} 10. Be2 {[%emt 0:16:46]} a6 {[%emt 0:04:08]} 11. O-O {[%emt 0:03:45]} O-O {[%emt 0:00:23]} 12. Qd2 {[%emt 0:13:58]} d6 {[%emt 0:01:33]} 13. Rfd1 {[%emt 0:08:59]} Be6 {[%emt 0:00:32]} 14. f3 {[%emt 0:05:13]} Rc8 {[%emt 0:03:19]} 15. b3 {[%emt 0:02:35]} b5 {[%emt 0:09:34]} 16. Nd5 {[%emt 0:09:10]} Bxd5 {[%emt 0:03:37]} 17. exd5 {[%emt 0:00:06]} Nxe2+ {[%emt 0:06:52]} 18. Qxe2 {[%emt 0:00:07]} bxc4 {[%emt 0:00:24]} 19. bxc4 {[%emt 0:00:08]} e4 {[%emt 0:01:12]} 20. Rac1 {[%emt 0:00:59]} exf3 {[%emt 0:00:21]} 21. Qxf3 {[%emt 0:00:18]} Re8 {[%emt 0:10:25]} 22. Kh1 {[%emt 0:16:39]} Qe7 {[%emt 0:15:12]} 23. Bf4 {[%emt 0:02:17]} Be5 {[%emt 0:11:26]} 24. Re1 {[%emt 0:03:14]} f6 {[%emt 0:01:46]} 25. Bxe5 {[%emt 0:04:21]} fxe5 1/2-1/2

[Event "XII Figueira da Foz Open 2018"]
[Site "Figueira da Foz"]
[Date "2018.10.30"]
[Round "2"]
[White "Felizes, Paulo"]
[Black "Asvestopoulou, Evdokia"]
[Result "1-0"]
[WhiteElo "1965"]
[BlackElo "1720"]
[Annotator "NA"]
[PlyCount "79"]
[EventDate "2018.10.30"]
[EventType "swiss"]
[EventCountry "POR"]
[SourceTitle "playchess.com"]
[Source "ChessBase"]
[SourceQuality "1"]
[TimeControl "40/5400+30:1800+30"]

1. d4 {[%emt 0:00:28]} Nf6 {[%emt 0:00:15]} 2. Bg5 {[%emt 0:00:28]} d5 {[%emt 0:03:14]} 3. Nd2 {[%emt 0:01:38]} h6 {[%emt 0:07:22]} 4. Bxf6 {[%emt 0:04:23]} gxf6 {[%emt 0:00:45]} 5. c4 {[%emt 0:02:07]} c5 {[%emt 0:09:52]} 6. cxd5 {[%emt 0:08:59]} Qxd5 {[%emt 0:02:39]} 7. dxc5 {[%emt 0:06:50]} Qxc5 {[%emt 0:09:24]} 8. Rc1 {[%emt 0:01:36]} Qf5 {[%emt 0:00:12]} 9. e4 {[%emt 0:05:11]} Qe6 {[%emt 0:09:12]} 10. Qh5 {[%emt 0:24:40]} Rh7 {[%emt 0:04:05]} 11. Bc4 {[%emt 0:04:43]} Qd7 {[%emt 0:00:40]} 12. Bb5 {[%emt 0:11:34]} Nc6 {[%emt 0:01:01]} 13. Ngf3 {[%emt 0:00:34]} a6 {[%emt 0:08:03]} 14. Ba4 {[%emt 0:02:24]} b5 {[%emt 0:02:08]} 15. Bb3 {[%emt 0:00:41]} Bb7 {[%emt 0:06:26]} 16. O-O {[%emt 0:03:28]} Nd4 {[%emt 0:05:05]} 17. Nxd4 {[%emt 0:03:00]} Qxd4 {[%emt 0:00:02]} 18. Rc7 {[%emt 0:04:57]} Qb6 {[%emt 0:03:04]} 19. Rfc1 {[%emt 0:01:35]} Rd8 {[%emt 0:00:22]} 20. Bd5 {[%emt 0:05:21]} Bxd5 {[%emt 0:02:31]} 21. exd5 {[%emt 0:00:03]} Qd4 {[%emt 0:01:19]} 22. Qf5 {[%emt 0:02:16]} Rg7 {[%emt 0:07:53]} 23. Rc8 {[%emt 0:00:57]} e6 {[%emt 0:02:12]} 24. Rxd8+ {[%emt 0:01:25]} Kxd8 {[%emt 0:01:15]} 25. dxe6 {[%emt 0:01:08]} fxe6 {[%emt 0:02:03]} 26. Qc2 {[%emt 0:01:41]} Ke8 {[%emt 0:01:59]} 27. Qc6+ {[%emt 0:00:43]} Kf7 {[%emt 0:00:10]} 28. Nb3 {[%emt 0:00:13]} Qg4 {[%emt 0:03:59]} 29. Re1 {[%emt 0:00:38]} Be7 {[%emt 0:01:05]} 30. g3 {[%emt 0:00:44]} Rg5 {[%emt 0:02:39]} 31. Kg2 {[%emt 0:00:27]} Rh5 {[%emt 0:01:10]} 32. Re4 {[%emt 0:00:31]} Qh3+ {[%emt 0:02:09]} 33. Kf3 {[%emt 0:00:05]} Qf5+ {[%emt 0:00:23]} 34. Rf4 {[%emt 0:00:39]} Qd3+ {[%emt 0:00:47]} 35. Kg2 {[%emt 0:00:03]} Rd5 {[%emt 0:00:45]} 36. Qxa6 {[%emt 0:00:27]} Rd6 {[%emt 0:00:50]} 37. Qb7 {[%emt 0:00:13]} Rd7 {[%emt 0:00:25]} 38. Qf3 {[%emt 0:00:45]} Qc2 {[%emt 0:00:23]} 39. Qh5+ {[%emt 0:00:17]} Kg7 {[%emt 0:00:15]} 40. Rg4+ {[%emt 0:00:00]} 1-0

[Event "XII Figueira da Foz Open 2018"]
[Site "Figueira da Foz"]
[Date "2018.10.30"]
[Round "2"]
[White "Silva, Pedro Gil Ferreira "]
[Black "Goncalves, Lucas Jordao"]
[Result "1-0"]
[WhiteElo "1837"]
[BlackElo "1401"]
[Annotator "NA"]
[PlyCount "127"]
[EventDate "2018.10.30"]
[EventType "swiss"]
[EventCountry "POR"]
[SourceTitle "playchess.com"]
[Source "ChessBase"]
[SourceQuality "1"]
[TimeControl "40/5400+30:1800+30"]

1. e4 {[%emt 0:00:00]} e5 {[%emt 0:00:00]} 2. Nf3 {[%emt 0:00:00]} Nc6 {[%emt 0:00:00]} 3. d4 {[%emt 0:00:01]} exd4 {[%emt 0:00:09]} 4. Nxd4 {[%emt 0:00:08]} Bc5 {[%emt 0:00:21]} 5. Nb3 {[%emt 0:00:16]} Bb6 {[%emt 0:00:49]} 6. Nc3 {[%emt 0:00:22]} a6 {[%emt 0:13:11]} 7. Nd5 {[%emt 0:08:09]} d6 {[%emt 0:13:05]} 8. Nxb6 {[%emt 0:01:57]} cxb6 {[%emt 0:00:28]} 9. f3 {[%emt 0:23:45]} Be6 {[%emt 0:01:36]} 10. Nd4 {[%emt 0:04:04]} Bd7 {[%emt 0:02:02]} 11. Bc4 {[%emt 0:03:27]} Nge7 {[%emt 0:02:09]} 12. Be3 {[%emt 0:09:19]} O-O {[%emt 0:00:48]} 13. O-O {[%emt 0:00:25]} Rc8 {[%emt 0:02:37]} 14. Be2 {[%emt 0:05:18]} Re8 {[%emt 0:03:34]} 15. f4 {[%emt 0:08:35]} Nxd4 {[%emt 0:04:31]} 16. Bxd4 {[%emt 0:00:59]} Nc6 {[%emt 0:00:39]} 17. Bf3 {[%emt 0:00:34]} g6 {[%emt 0:08:58]} 18. Bc3 {[%emt 0:01:11]} Be6 {[%emt 0:04:41]} 19. Qd2 {[%emt 0:01:25]} Qc7 {[%emt 0:00:36]} 20. f5 {[%emt 0:00:10]} Bc4 {[%emt 0:00:23]} 21. f6 {[%emt 0:01:35]} Nd8 {[%emt 0:01:30]} 22. Rfd1 {[%emt 0:02:52]} Ne6 {[%emt 0:03:19]} 23. h4 {[%emt 0:09:01]} Rcd8 {[%emt 0:02:27]} 24. h5 {[%emt 0:02:31]} gxh5 {[%emt 0:02:58]} 25. Bb4 {[%emt 0:02:31]} Kh8 {[%emt 0:01:25]} 26. Bxd6 {[%emt 0:00:23]} Qc6 {[%emt 0:00:33]} 27. e5 {[%emt 0:00:47]} Qd7 {[%emt 0:00:17]} 28. Qh6 {[%emt 0:00:23]} Rg8 {[%emt 0:00:54]} 29. Be7 {[%emt 0:00:30]} Qb5 {[%emt 0:01:24]} 30. Bxd8 {[%emt 0:00:28]} Qxe5 {[%emt 0:00:12]} 31. Be7 {[%emt 0:01:02]} Qg3 {[%emt 0:02:14]} 32. Bf8 {[%emt 0:08:12]} Nxf8 {[%emt 0:03:46]} 33. Be4 {[%emt 0:00:54]} Bb5 {[%emt 0:01:37]} 34. Rd8 {[%emt 0:02:32]} Bc6 {[%emt 0:02:40]} 35. Qxf8 {[%emt 0:01:20]} Bxe4 {[%emt 0:00:11]} 36. Qxg8+ {[%emt 0:00:05]} Qxg8 {[%emt 0:00:16]} 37. Rxg8+ {[%emt 0:00:03]} Kxg8 {[%emt 0:00:09]} 38. Re1 {[%emt 0:00:07]} Bc6 {[%emt 0:00:05]} 39. Re5 {[%emt 0:02:19]} h6 {[%emt 0:00:21]} 40. Re7 {[%emt 0:00:00]} Bd5 {[%emt 0:00:00]} 41. Rd7 {[%emt 0:01:08]} Bc6 {[%emt 0:00:40]} 42. Rc7 {[%emt 0:00:38]} b5 {[%emt 0:00:09]} 43. g3 {[%emt 0:00:35]} a5 {[%emt 0:00:21]} 44. a3 {[%emt 0:01:18]} b4 {[%emt 0:00:43]} 45. axb4 {[%emt 0:00:15]} axb4 {[%emt 0:00:05]} 46. c4 {[%emt 0:00:41]} bxc3 {[%emt 0:00:15]} 47. bxc3 {[%emt 0:00:05]} Bd5 {[%emt 0:00:08]} 48. Kf2 {[%emt 0:00:09]} b5 {[%emt 0:00:08]} 49. Ke3 {[%emt 0:00:38]} Kh7 {[%emt 0:00:43]} 50. Kd4 {[%emt 0:01:50]} Bb3 {[%emt 0:00:32]} 51. Ke5 {[%emt 0:00:40]} Kg6 {[%emt 0:00:07]} 52. Rc8 {[%emt 0:00:09]} Kh7 {[%emt 0:00:15]} 53. Kd6 {[%emt 0:00:21]} Kg6 {[%emt 0:00:09]} 54. Ke7 {[%emt 0:00:04]} Bc4 {[%emt 0:00:44]} 55. Rg8+ {[%emt 0:02:15]} Kf5 {[%emt 0:00:52]} 56. Rg7 {[%emt 0:00:04]} h4 {[%emt 0:01:55]} 57. gxh4 {[%emt 0:00:06]} Ke4 {[%emt 0:00:55]} 58. Rxf7 {[%emt 0:00:10]} Kd3 {[%emt 0:00:23]} 59. Rf8 {[%emt 0:00:10]} Kxc3 {[%emt 0:01:02]} 60. f7 {[%emt 0:00:18]} Kd4 {[%emt 0:00:20]} 61. Rb8 {[%emt 0:00:05]} Bxf7 {[%emt 0:00:10]} 62. Kxf7 {[%emt 0:00:05]} Ke5 {[%emt 0:00:02]} 63. Rxb5+ {[%emt 0:00:09]} Kf4 {[%emt 0:00:06]} 64. Kg6 {[%emt 0:00:09] Ke5} 1-0